Statistics for Transcontinental Countries

Click here to take the quiz!

General Stats

  • This quiz has been taken 22 times
  • The average score is 6 of 6

Answer Stats

ContinentsAnswer% Correct
Africa-AsiaEgypt
100%
Europe-AsiaGeorgia
100%
Europe-AsiaRussia
100%
Europe-AsiaTurkey
100%
Europe-AsiaAzerbaijan
95%
Europe-AsiaKazakhstan
81%

Score Distribution

Percentile by Number Answered

Percent of People with Each Score

Your Score History

You have not taken this quiz